Sports Quiz

Random Sports or Country Quiz
Score 0/18 Timer 04:00
3 Plays Today
League Country % Correct
NFLCanada
98.4%
NHLCanada
98.4%
NHLRussia
92.7%
MLBJapan
88.2%
NBACanada
87%
MLBMexico
84.4%
MLBDominican Republic
82.6%
MLBCuba
82.1%
NBAFrance/Australia
81.6%
League Country % Correct
NHLSweden
77.3%
NBAGermany/Bosnia and Herzegovina/Serbia
72.8%
NHLFinland
69.3%
NFLAustralia
65.2%
NBASpain
64.4%
MLBVenezuela
58.4%
NFLGermany/United Kindgom
54.8%
NHLCzechia
50.7%
NFLNigeria
42.9%

You're not logged in!

Compare scores with friends on all Sporcle quizzes.
OR
Log In

Sporcle TV

Today on Sporcle TV


Watch our educational content, quiz creation guides, and fun videos on Sporcle TV.

Show Comments

Extras

Top Quizzes Today


Score Distribution

Paid Content

Your Account Isn't Verified!

In order to create a playlist on Sporcle, you need to verify the email address you used during registration. Go to your Sporcle Settings to finish the process.

Report this User

Report this user for behavior that violates our Community Guidelines.

Details: